Cálculo de sensibilidad de tensión eléctrica utilizando el método del Jacobiano inverso
Gardado en:
| Autor Principal: | |
|---|---|
| Outros autores: | |
| Formato: | Libro |
| Idioma: | Spanish |
| Publicado: |
[San José], Costa Rica
2013
|
| Materias: | |
| Etiquetas: |
Engadir etiqueta
Sen Etiquetas, Sexa o primeiro en etiquetar este rexistro!
|
MARC
| LEADER | 00000nam a22000007a 4500 | ||
|---|---|---|---|
| 003 | 011942 | ||
| 005 | 20230817131951.0 | ||
| 008 | 150310b2013 cr a|||| |||| 00| 0 spa d | ||
| 040 | |c cru CEDI | ||
| 100 | |9 1113 |a Sandoval Arce, José Antonio, 1990- | ||
| 245 | |a Cálculo de sensibilidad de tensión eléctrica utilizando el método del Jacobiano inverso | ||
| 260 | |a [San José], Costa Rica |c 2013 | ||
| 300 | |a xviii, 96 páginas : ilustraciones (algunas a color) | ||
| 500 | |a Proyecto de graduación (bachillerato en ingeniería eléctrica)--Universidad de Costa Rica. Facultad de Ingeniería. Escuela de Ingeniería Eléctrica | ||
| 501 | |a Profesor Guía de IE-0499 Proyecto Eléctrico: Dr. Gustavo Valverde Mora | ||
| 650 | |x REDES ELECTRICAS |x ENERGIA ELECTRICA |x DISTRIBUCION DE ENERGIA ELECTRICA |x INGENIERÍA ELÉCTRICA |9 404 | ||
| 700 | |9 725 |a Valverde Mora, Gustavo Adolfo, 1983- |d Director de Proyecto Eléctrico | ||
| 942 | |c CEDI |h TFG 7108 |6 TFG_7108_000000000000000 | ||
| 999 | |c 13673 |d 13673 | ||
